One Piece Live Action Netflix Personnages par Images - Statistiques

Statistiques générales
  • Ce quiz a été pris 124 fois
    52 depuis la dernière actualisation
  • Le résultat moyen est 40 sur 155
Statistiques - réponses
Par images Réponse % Correct
Monkey D. Luffy
100%
Nami
100%
Roronoa Zoro
100%
Tony Tony Chopper
98%
Sanji
96%
Usopp
96%
Gol D. Roger
89%
Shanks
89%
Baggy
77%
Alvida
72%
Smoker
72%
Koby
70%
Nefertari Vivi (Miss Wednesday)
70%
Arlong
68%
Monkey D. Garp
68%
Nico Robin (Miss Allsunday)
68%
Yasopp
68%
Brook
60%
Crocodile (Mr. 0)
60%
Dracule Mihawk
60%
Galdino (Mr. 3)
60%
Zeff
60%
Laboon
57%
Gem (Mr. 5)
55%
Mikita (Miss Valentine)
55%
Kuro (Klahadoll)
53%
Mr. 9
53%
Tashigi
53%
Morgan
51%
Bartolomeo
49%
Dragon
49%
Hiluluk / Hiriluk
49%
Kaya
49%
Igaram (Mr. 8)
47%
Merry
47%
Brogy
45%
Dorry
45%
Helmeppo / Hermep
45%
Sabo
45%
Wapol
45%
Mr. 7
43%
Crocus
40%
Marianne (Miss Goldenweek)
40%
Bell-mère
38%
Benn Beckman
38%
Dalton / Dolton
38%
Foxy
38%
Krieg
38%
Lucky Roux
38%
Miss Monday
38%
Shimotsuki Kuina
38%
Kureha
36%
Mr. 13
36%
Nojiko
36%
Makino
34%
Nefertari Cobra
34%
Chouchou
28%
Gin
28%
Jango
28%
Cabaji
26%
Mr. 11
26%
Genzo
23%
Kuroobi
23%
Miss Friday
23%
Cavendish
21%
Chew / Smack
21%
Fullbody
21%
Higuma
21%
Mohji / Morge
21%
Pearl
21%
Buchi
19%
Pedro
19%
Sengoku
19%
Chess
17%
Nezumi
17%
Sham
17%
Miss Thursday
15%
Patty
15%
Bellamy
13%
Boodle
13%
Gaimon
13%
Hoop Slap
13%
Kong
13%
Yorki
13%
Ipponmatsu
11%
Rika
11%
Toubibs 20 / Isshi-20
11%
Bogard
9%
Kuromarimo
9%
Monstre de la Baie
9%
Ririka
9%
Shimotsuki Koushirou / Kôshirô
9%
Banchina
6%
Bonk Punch
6%
Building Snake
6%
Gobe Îles
6%
Heppoko
6%
Limejuice
6%
Peppoko
6%
Poppoko
6%
Cocox
4%
Ham Burger
4%
Moodie
4%
Negikuma Maria
4%
Robson
4%
Tacos
4%
Ban Dedessinée
2%
Couran
2%
Funambules Brothers
2%
Gally
2%
Hachi
2%
Hanger
2%
Hercules
2%
Hongo
2%
Koze
2%
Lemoncheese
2%
Lionbuta
2%
Love
2%
Mashikaku
2%
Miss Catherina
2%
Misty
2%
Mizuta Mawaritosuki
2%
Mornin
2%
Mororon
2%
Motzel
2%
Ramen
2%
Ripper
2%
Sapi
2%
Seki
2%
Tea IV
2%
Ukkari
2%
Yu
2%
Beer VI
0%
Busker
0%
Carol
0%
Eccoli
0%
Elizabello II
0%
Furrari
0%
Grave Digger
0%
Iwatobi
0%
Jeep
0%
Kabagorilla
0%
Kamonohitsuji
0%
Kirinkodanuki
0%
Maître D
0%
Mari
0%
Meshi
0%
Nashi
0%
Potaufeu
0%
Raoul
0%
Sada
0%
Saikangaroo
0%
Sauce
0%
Thalassa Lucas
0%
Wier
0%
Aucun quiz correspondant
Distribution des résultats
% des personnes avec chaque résultat
Percentile par nombre de réponses
Votre historique - résultats
Vous n’avez pas pris ce quiz depuis la dernière actualisation